[Event "Lichtenberger Sommer 2024"]
[Site "Berlin"]
[Date "2024.08.13"]
[Round "4.71"]
[White "Siebert, Marco Leander"]
[Black "Bruening, Wolfgang"]
[Result "0-1"]
[WhiteElo "1683"]
[BlackElo "1840"]
[PlyCount "95"]
[EventDate "2024.08.10"]
[WhiteTeam "SC Tempo Göttingen"]
[BlackTeam "vereinslos"]

1. e4 e6 2. d4 d5 3. Nc3 dxe4 4. Nxe4 Nd7 5. Nf3 Ngf6 6. Nxf6+ Nxf6 7. g3 c5 8.
Bg2 Qb6 9. O-O Be7 10. dxc5 Bxc5 11. a4 a5 12. b3 O-O 13. Qe2 Rd8 14. Be3 Bxe3
15. Qxe3 Qxe3 16. fxe3 Ra6 17. Ne5 Rad6 18. Nc4 R6d7 19. Nxa5 Rd2 20. Rac1 Nd5
21. Nc4 Nc3 22. Bf3 R2d7 23. e4 Rd4 24. e5 Nxa4 25. Nd6 Nc3 26. Rf2 b6 27. Kg2
f6 28. Nc4 b5 29. Na5 Rd2 30. exf6 gxf6 31. h4 e5 32. Nc6 Rxf2+ 33. Kxf2 Re8
34. Ke3 Bb7 35. Rf1 e4 36. Bh5 Re6 37. Nd8 Rb6 38. Nxb7 Rxb7 39. Kd2 Nd5 40. c4
bxc4 41. bxc4 Rb2+ 42. Kc1 Ra2 43. Rf5 Ne3 44. Rxf6 Rc2+ 45. Kb1 Rxc4 46. Bf7+
Kg7 47. Bxc4 Kxf6 48. Kc1 0-1

[Event "Lichtenberger Sommer 2024"]
[Site "Berlin"]
[Date "2024.08.13"]
[Round "4.72"]
[White "Rennspieß, Jens"]
[Black "Jozsa, Lev"]
[Result "1/2-1/2"]
[WhiteElo "1839"]
[BlackElo "1505"]
[PlyCount "112"]
[EventDate "2024.08.10"]
[WhiteTeam "SV Berolina Mitte e.V."]
[BlackTeam "SV Empor Berlin e.V."]

1. e4 c5 2. Nf3 e6 3. d4 cxd4 4. Nxd4 Nf6 5. Nc3 Nc6 6. Bg5 Be7 7. Ndb5 d6 8.
Bxf6 gxf6 9. Qd2 a6 10. Nd4 e5 11. Nxc6 bxc6 12. Bc4 Be6 13. Bxe6 fxe6 14. Qh6
Kd7 15. Qe3 Rg8 16. Rg1 Rg7 17. Rd1 Ke8 18. Qh6 Bf8 19. Qh5+ Ke7 20. Rd3 Qe8
21. Qf3 Rd8 22. Qe3 Qd7 23. Ke2 Kf7 24. Qb6 Ra8 25. Na4 d5 26. Rc3 c5 27. Nxc5
Bxc5 28. Qxc5 Qb5+ 29. Qxb5 axb5 30. exd5 exd5 31. Rc7+ Kg6 32. Rxg7+ Kxg7 33.
a3 Rc8 34. Kd2 Kg6 35. Re1 Kf5 36. Re3 h5 37. Rb3 Rc5 38. Rc3 Rc4 39. Rxc4 dxc4
40. Kc3 Kg4 41. Kb4 f5 42. Kxb5 f4 43. Kxc4 f3 44. gxf3+ Kxf3 45. a4 e4 46. a5
Kxf2 47. a6 e3 48. a7 e2 49. a8=Q e1=Q 50. Qf8+ Kg2 51. Qf4 Qe6+ 52. Kd3 Qd5+
53. Qd4 Qf3+ 54. Qe3 Qd5+ 55. Qd4 Qf3+ 56. Qe3 Qd5+ 1/2-1/2

[Event "Lichtenberger Sommer 2024"]
[Site "Berlin"]
[Date "2024.08.13"]
[Round "4.73"]
[White "Oortmann, Alexis Miles"]
[Black "Andersen, Guttorm"]
[Result "0-1"]
[WhiteElo "1676"]
[BlackElo "1835"]
[PlyCount "86"]
[EventDate "2024.08.10"]
[WhiteTeam "SSV Rotation Berlin e.V."]

1. e4 d5 2. exd5 Nf6 3. Bb5+ Bd7 4. Be2 Nxd5 5. Nf3 c5 6. d4 cxd4 7. Qxd4 e6 8.
O-O Nc6 9. Qd1 Qc7 10. c4 Nf4 11. Bxf4 Qxf4 12. g3 Qc7 13. Nc3 a6 14. a3 Rd8
15. Qc2 Bc5 16. Rfd1 O-O 17. Bd3 h6 18. b4 Be7 19. Bf1 Bf6 20. Rac1 Ne5 21.
Nxe5 Bxe5 22. b5 Rc8 23. b6 Qd8 24. Qe4 Bxc3 25. Qxb7 Ba5 26. Rxd7 Qxb6 27.
Qxb6 Bxb6 28. Rd6 Bc5 29. Rxa6 Ra8 30. Rc6 Bxa3 31. Rb1 Rab8 32. Ra1 Bb2 33.
Rd1 e5 34. Bh3 Bd4 35. Rc7 Rb2 36. Rf1 Ra8 37. Bg2 Raa2 38. Bd5 Rxf2 39. Rxf2
Rxf2 40. Kh1 g5 41. c5 g4 42. c6 Rf1+ 43. Kg2 Rg1# 0-1

[Event "Lichtenberger Sommer 2024"]
[Site "Berlin"]
[Date "2024.08.13"]
[Round "4.74"]
[White "Ahmadov, Ahmad"]
[Black "Berndt, Ronson"]
[Result "0-1"]
[WhiteElo "1620"]
[BlackElo "1813"]
[PlyCount "96"]
[EventDate "2024.08.10"]
[WhiteTeam "SV Empor Berlin e.V."]
[BlackTeam "SC Borussia Lichtenberg"]

1. e4 c5 2. Nc3 e6 3. Nf3 a6 4. d4 cxd4 5. Nxd4 Qc7 6. Be3 Nc6 7. Qd2 Nf6 8. f3
Bb4 9. Be2 d5 10. exd5 Nxd5 11. Bf2 Nxd4 12. Bxd4 e5 13. O-O Qd6 14. Bxe5 Qxe5
15. Bb5+ Kd8 16. Qxd5+ Qxd5 17. Nxd5 Bc5+ 18. Kh1 axb5 19. Rad1 Bd7 20. b4 Ba7
21. Rfe1 Kc8 22. Re7 Re8 23. Rxf7 Be6 24. Ne7+ Kb8 25. Rxg7 Be3 26. Rxh7 Bg5
27. Re1 Rxe7 28. Rxe7 Bxe7 29. Rxe6 Rxa2 30. h3 Bxb4 31. Rb6 Rb2 32. f4 Bc3 33.
g4 b4 34. Kg2 Rxc2+ 35. Kf3 Kc7 36. Rxb4 Bxb4 37. g5 Kd6 38. h4 Ke6 39. h5 Bd6
40. h6 Kf5 41. h7 Rh2 42. h8=Q Rxh8 43. g6 Bxf4 44. g7 Rg8 45. Ke2 Rxg7 46. Kd1
Rg2 47. Ke1 Bb8 48. Kf1 Rh2 0-1

[Event "Lichtenberger Sommer 2024"]
[Site "Berlin"]
[Date "2024.08.13"]
[Round "4.75"]
[White "Majewski, Nico"]
[Black "Rauscher, Joachim"]
[Result "0-1"]
[WhiteElo "1623"]
[BlackElo "1803"]
[PlyCount "66"]
[EventDate "2024.08.10"]
[WhiteTeam "ESV Lok Falkenberg e.V."]
[BlackTeam "SC Brett vorm Kopp Ffm"]

1. d4 d5 2. c4 e6 3. Nc3 Nf6 4. Bg5 Be7 5. Nf3 O-O 6. e3 h6 7. Bh4 b6 8. Bd3
Bb7 9. Qc2 Nbd7 10. Rg1 c5 11. Nd2 cxd4 12. exd4 Rc8 13. g4 Ne4 14. Bxe7 Qxe7
15. Ndxe4 dxe4 16. Be2 e3 17. fxe3 Qh4+ 18. Kd2 e5 19. d5 Ba6 20. b3 b5 21. Qf5
Nc5 22. g5 b4 23. Nd1 Ne4+ 24. Kd3 Nxg5 25. Nb2 Rfd8 26. Bf3 Qf2 27. Raf1 Qxb2
28. Be4 Qc3+ 29. Ke2 Qb2+ 30. Ke1 Qc1+ 31. Ke2 Bxc4+ 32. bxc4 Qxc4+ 33. Kd2
Qxa2+ 0-1

[Event "Lichtenberger Sommer 2024"]
[Site "Berlin"]
[Date "2024.08.13"]
[Round "4.76"]
[White "Becker, Werner"]
[Black "Cox, Johannes"]
[Result "0-1"]
[WhiteElo "1788"]
[BlackElo "1400"]
[PlyCount "90"]
[EventDate "2024.08.10"]
[WhiteTeam "SC Rochade e.V."]
[BlackTeam "vereinslos"]

1. d4 Nf6 2. Nf3 g6 3. Bf4 d5 4. c3 Bg7 5. e3 O-O 6. h3 c5 7. Nbd2 Nbd7 8. Be2
Re8 9. O-O Ne4 10. Nxe4 dxe4 11. Nd2 e5 12. dxe5 Bxe5 13. Bxe5 Rxe5 14. Qc2 Nf6
15. Rfd1 Qe7 16. Nf1 h5 17. f4 exf3 18. Bxf3 Ne4 19. Bxe4 Rxe4 20. Qf2 Qg5 21.
Qf3 Bf5 22. Kf2 Rae8 23. Re1 Bd7 24. b3 Bc6 25. Qg3 Qf6+ 26. Kg1 h4 27. Qf2 Qg5
28. Rad1 R8e6 29. Qd2 Kg7 30. Re2 f5 31. Qd8 Re7 32. Rde1 Qh5 33. Qd1 g5 34.
Rd2 g4 35. Rf2 Qg5 36. hxg4 Rxg4 37. Ree2 h3 38. Qd6 Bxg2 39. Kh2 Bxf1 40. Rd2
Rg2+ 41. Rxg2 hxg2 42. Kg1 Qxe3+ 43. Rf2 Qe5 44. Qd2 f4 45. Qd1 Qg5 0-1

[Event "Lichtenberger Sommer 2024"]
[Site "Berlin"]
[Date "2024.08.13"]
[Round "4.78"]
[White "Schulz-Vernholz, Daniel"]
[Black "Stein, Siegfried"]
[Result "1-0"]
[WhiteElo "1400"]
[BlackElo "1783"]
[PlyCount "67"]
[EventDate "2024.08.10"]
[WhiteTeam "vereinslos"]
[BlackTeam "SV Berolina Mitte e.V."]

1. c4 c5 2. Nc3 Nc6 3. g3 g6 4. Bg2 Bg7 5. e3 Rb8 6. Nge2 a6 7. d4 d6 8. dxc5
dxc5 9. Qxd8+ Nxd8 10. O-O Nf6 11. b3 O-O 12. Bb2 Ne6 13. Rad1 b5 14. cxb5 axb5
15. Bc6 Ba6 16. Nd5 Nxd5 17. Bxg7 Nxg7 18. Bxd5 Nf5 19. Bf3 Nd6 20. Rd2 b4 21.
Rc1 c4 22. bxc4 Nxc4 23. Rdc2 Ne5 24. Nd4 Nxf3+ 25. Nxf3 Rfc8 26. Nd4 Rxc2 27.
Rxc2 Bd3 28. Rb2 Be4 29. f3 Bd5 30. e4 Bc4 31. Nc6 Rb7 32. Na5 Rc7 33. Rc2 b3
34. axb3 1-0

[Event "Lichtenberger Sommer 2024"]
[Site "Berlin"]
[Date "2024.08.13"]
[Round "4.79"]
[White "Bastian, Reinhard"]
[Black "Romanotto, Leonardo"]
[Result "0-1"]
[WhiteElo "1803"]
[BlackElo "1499"]
[PlyCount "102"]
[EventDate "2024.08.10"]
[WhiteTeam "vereinslos"]
[BlackTeam "SV Mattnetz Berlin e.V."]

1. e4 c5 2. Nc3 e6 3. f4 Nc6 4. Nf3 d5 5. e5 Nge7 6. Be2 Ng6 7. d4 Be7 8. O-O
cxd4 9. Nxd4 Bc5 10. Be3 Qb6 11. Na4 Bxd4 12. Nxb6 Bxe3+ 13. Kh1 Bxb6 14. c3
Bd7 15. b4 Nce7 16. Bd3 Rc8 17. Qd2 Nh4 18. a4 a6 19. b5 Ba5 20. Qf2 Rxc3 21.
bxa6 bxa6 22. Bxa6 Nhf5 23. g4 Ne3 24. Rg1 Bc6 25. Bb5 O-O 26. Bxc6 Nxc6 27.
Rac1 d4 28. Qf3 Rc8 29. Rxc3 Bxc3 30. Rb1 Nd5 31. Qd3 Ncb4 32. Qb5 g6 33. a5
Rc6 34. Kg1 d3 35. Kf2 Kg7 36. f5 Bd4+ 37. Ke1 Nc3 38. Qxb4 Nxb1 39. Qxb1 Rc2
40. Qb3 Bc3+ 41. Kd1 Bxa5 42. Qa4 Bc3 43. f6+ Kh6 44. Qf4+ g5 45. Qe3 Rxh2 46.
Qxd3 Rd2+ 47. Qxd2 Bxd2 48. Kxd2 Kg6 49. Ke3 h5 50. Kf3 h4 51. Ke4 Kh7 0-1

[Event "Lichtenberger Sommer 2024"]
[Site "Berlin"]
[Date "2024.08.13"]
[Round "4.80"]
[White "Buehring, Stefan"]
[Black "Geiß, Anne"]
[Result "1-0"]
[WhiteElo "1780"]
[BlackElo "1669"]
[PlyCount "131"]
[EventDate "2024.08.10"]
[WhiteTeam "vereinslos"]
[BlackTeam "SC Kreuzberg e.V."]

1. d4 Nf6 2. Nf3 g6 3. Bf4 Bg7 4. Nc3 d6 5. e4 O-O 6. Be2 c5 7. d5 a6 8. a4 b6
9. h3 Bb7 10. O-O Nh5 11. Bh2 Nd7 12. Bc4 Ne5 13. Nxe5 Bxe5 14. Bxe5 dxe5 15.
Ne2 Nf6 16. Ng3 Qc7 17. Qe2 Bc8 18. Rfd1 Ne8 19. Nf1 Kh8 20. Nd2 Nd6 21. Bd3 f6
22. c4 f5 23. exf5 Nxf5 24. Bxf5 Bxf5 25. g4 Bd7 26. Nf3 e4 27. Qxe4 Qf4 28.
Qxf4 Rxf4 29. Ne5 Rd8 30. b3 Kg7 31. Nxd7 Rxd7 32. Kg2 Kf6 33. Re1 Rd6 34. Re3
e6 35. dxe6 Rxe6 36. Rae1 Rxe3 37. Rxe3 g5 38. Re8 Rd4 39. Rb8 Rd6 40. f3 Ke5
41. Kg3 h6 42. h4 Kd4 43. hxg5 hxg5 44. Rg8 Kc3 45. Rxg5 Kxb3 46. Rd5 Re6 47.
f4 Kxc4 48. Re5 Rd6 49. f5 Kd4 50. Re6 Rd8 51. Rxb6 c4 52. Rxa6 c3 53. Rc6 Kd3
54. f6 c2 55. g5 Kd2 56. f7 Rd3+ 57. Kg4 Rd4+ 58. Kf5 Rd5+ 59. Kg6 Rd8 60. Kg7
Rd7 61. Kf6 Ra7 62. f8=Q c1=Q 63. Qd6+ Ke2 64. Rxc1 Rxa4 65. Qd1+ Ke3 66. Qxa4
1-0

[Event "Lichtenberger Sommer 2024"]
[Site "Berlin"]
[Date "2024.08.13"]
[Round "4.81"]
[White "Reißmann, Edmund"]
[Black "Wahner, Eberhard"]
[Result "1/2-1/2"]
[WhiteElo "1720"]
[BlackElo "1775"]
[PlyCount "82"]
[EventDate "2024.08.10"]
[WhiteTeam "SV Erzgebirge Stollberg"]
[BlackTeam "SC Eintracht Berlin e.V."]

1. d4 Nf6 2. Nf3 e6 3. Bg5 Be7 4. e3 h6 5. Bh4 b6 6. Be2 Bb7 7. O-O O-O 8. Nbd2
d6 9. c3 Nbd7 10. b4 c5 11. bxc5 bxc5 12. Rb1 Bc6 13. Qc2 Rc8 14. Bb5 Bxb5 15.
Rxb5 cxd4 16. exd4 Nd5 17. Bxe7 Qxe7 18. Rb3 N7f6 19. Rfb1 Rc7 20. c4 Nb6 21.
Rc3 Rfc8 22. a4 Nfd5 23. Rcb3 Nxc4 24. Rb8 Ncb6 25. Rxc8+ Rxc8 26. Qb3 Nc3 27.
Ra1 Qd7 28. a5 Nbd5 29. a6 Nb6 30. h3 Qd8 31. Kh1 Rc6 32. Qa3 Qc8 33. Nb1 Nd1
34. Kg1 Nc4 35. Qb3 Nb6 36. Nbd2 Nc3 37. Kh2 Ncd5 38. Ne4 Nf4 39. g3 Ne2 40.
Qe3 Nc1 41. Nxd6 Qc7 1/2-1/2

[Event "Lichtenberger Sommer 2024"]
[Site "Berlin"]
[Date "2024.08.13"]
[Round "4.82"]
[White "Ollek, Karl-Heinz"]
[Black "Liu, Peilin"]
[Result "1-0"]
[WhiteElo "1763"]
[BlackElo "1608"]
[PlyCount "87"]
[EventDate "2024.08.10"]
[WhiteTeam "SC Friesen Lichtenberg e.V."]
[BlackTeam "SVG Saarbrücken 1970 e.V."]

1. c4 e5 2. Nc3 Nf6 3. Nf3 Nc6 4. e3 Bc5 5. Be2 d5 6. cxd5 Nxd5 7. O-O Be6 8.
Ne4 Be7 9. d4 Nf6 10. Nc5 Bxc5 11. dxc5 Qxd1 12. Rxd1 O-O 13. Bd2 Rad8 14. Bc3
Nd7 15. b4 f6 16. Kf1 a6 17. a4 Rfe8 18. Rdc1 Nf8 19. b5 axb5 20. axb5 Ne7 21.
e4 Nfg6 22. Bb4 Bf7 23. c6 b6 24. Rd1 Kf8 25. Rxd8 Rxd8 26. Ra7 Rc8 27. g3 Ke8
28. Ra3 Rd8 29. Rd3 Ra8 30. Ra3 Rd8 31. h4 Nc8 32. Rd3 Nd6 33. Bxd6 cxd6 34.
Ra3 Rb8 35. Nd2 Be6 36. Bc4 Bh3+ 37. Ke2 Ne7 38. Ra7 g6 39. f3 h5 40. Rb7 Rc8
41. Rxb6 Rc7 42. Ra6 Nc8 43. b6 Nxb6 44. Rxb6 1-0

[Event "Lichtenberger Sommer 2024"]
[Site "Berlin"]
[Date "2024.08.13"]
[Round "4.83"]
[White "Stark, Steven"]
[Black "Drave, Samuel"]
[Result "0-1"]
[WhiteElo "1642"]
[BlackElo "1757"]
[PlyCount "106"]
[EventDate "2024.08.10"]
[WhiteTeam "BSC Rehberge 1945 e.V."]
[BlackTeam "SV Berolina Mitte e.V."]

1. a4 d5 2. c3 e5 3. d3 c5 4. Nf3 Nc6 5. g3 Bd6 6. Na3 a6 7. h4 Bg4 8. Nh2 Be6
9. Qd2 f6 10. Bg2 Na5 11. Qc2 Rc8 12. Bd2 Qb6 13. O-O Ne7 14. e4 dxe4 15. Bxe4
Bb3 16. Qb1 Bxa4 17. Nc4 Nxc4 18. dxc4 Bd7 19. Bxh7 f5 20. Bxf5 Bxf5 21. Qa2
Bh3 22. Rfe1 Qc6 23. f3 O-O 24. Qa4 Qc7 25. Bg5 Nc6 26. Qd1 e4 27. Qd5+ Kh8 28.
f4 Bf5 29. Rad1 Be7 30. Qd2 Bxg5 31. hxg5 Rcd8 32. Qe2 Bg6 33. Qe3 Rxd1 34.
Rxd1 Rd8 35. Re1 Rd3 36. Qf2 Qd7 37. Nf1 b6 38. Ne3 Rd2 39. Re2 Rxe2 40. Qxe2
Qh3 41. Qf2 Bh5 42. Nd5 Bf3 43. Qh2 Qxh2+ 44. Kxh2 Na5 45. Nxb6 e3 46. Kg1 Nb3
47. Nd5 e2 48. Kf2 Nc1 49. Kxf3 e1=Q 50. Kg4 g6 51. Nc7 Qd1+ 52. Kh3 Qh1+ 53.
Kg4 Qh5# 0-1

[Event "Lichtenberger Sommer 2024"]
[Site "Berlin"]
[Date "2024.08.13"]
[Round "4.84"]
[White "Lippert, Marc"]
[Black "Maxin, Falko"]
[Result "0-1"]
[WhiteElo "1450"]
[BlackElo "1755"]
[PlyCount "46"]
[EventDate "2024.08.10"]
[WhiteTeam "SVG Läufer Reinickendorf e.V."]
[BlackTeam "TSG Oberschöneweide e.V."]

1. e4 e5 2. Nf3 Nc6 3. d4 exd4 4. Bc4 Nf6 5. e5 d5 6. Bb5 Ne4 7. Nxd4 Bd7 8.
Bxc6 bxc6 9. O-O Bc5 10. c3 O-O 11. Nd2 Nxd2 12. Bxd2 Re8 13. Re1 Bb6 14. Qc2
Qh4 15. f4 Re6 16. Kh1 Bxd4 17. g3 Qh3 18. cxd4 Rh6 19. Ba5 Qxg3 20. Bxc7 Qxf4
21. Rad1 Bf5 22. Qd2 Be4+ 23. Kg1 Rg6+ 0-1

[Event "Lichtenberger Sommer 2024"]
[Site "Berlin"]
[Date "2024.08.13"]
[Round "4.85"]
[White "Fiedler, Ronald"]
[Black "Zussner, Tim"]
[Result "1/2-1/2"]
[WhiteElo "1736"]
[BlackElo "1679"]
[PlyCount "47"]
[EventDate "2024.08.10"]
[WhiteTeam "SVG Läufer Reinickendorf e.V."]
[BlackTeam "SV Empor Berlin e.V."]

1. d4 d5 2. c4 e6 3. Nc3 Nf6 4. cxd5 exd5 5. Bf4 c6 6. Nf3 Bd6 7. Ne5 O-O 8. e3
Qe7 9. Be2 Nbd7 10. Nd3 Re8 11. O-O Ne4 12. Rc1 Ndf6 13. Bxd6 Qxd6 14. Bf3 Nxc3
15. bxc3 Bf5 16. c4 dxc4 17. Rxc4 Be6 18. Rc2 Nd7 19. Nf4 Bf5 20. Rc1 Nf8 21.
Rc5 Bd7 22. Bg4 Ne6 23. Bxe6 Bxe6 24. Qc2 1/2-1/2

[Event "Lichtenberger Sommer 2024"]
[Site "Berlin"]
[Date "2024.08.13"]
[Round "4.86"]
[White "Schneider, Eckehard"]
[Black "Küster, Finn"]
[Result "1-0"]
[WhiteElo "1863"]
[BlackElo "1679"]
[PlyCount "63"]
[EventDate "2024.08.10"]
[WhiteTeam "SF Berlin 1903 e.V."]
[BlackTeam "Spandauer SV e.V."]

1. d4 Nf6 2. Bf4 e6 3. e3 b6 4. Nd2 Bb7 5. Ngf3 c5 6. c3 Be7 7. Bd3 O-O 8. Qe2
d5 9. Ne5 Nbd7 10. Ndf3 Ne4 11. O-O-O c4 12. Bc2 b5 13. Nxd7 Qxd7 14. Ne5 Qd8
15. f3 Nd6 16. h4 h5 17. g4 f6 18. Ng6 a5 19. gxh5 f5 20. h6 b4 21. Nxf8 bxc3
22. Nxe6 Qb6 23. bxc3 Nb5 24. Nc5 Nxc3 25. Qg2 Nxa2+ 26. Kd2 Bf6 27. Rb1 c3+
28. Kd1 Nb4 29. Nd7 Qe6 30. Nxf6+ Qxf6 31. Be5 Qf7 32. Bxg7 1-0

[Event "Lichtenberger Sommer 2024"]
[Site "Berlin"]
[Date "2024.08.13"]
[Round "4.87"]
[White "Kopbauer, René"]
[Black "Koerber, Bernhard"]
[Result "1-0"]
[WhiteElo "1832"]
[BlackElo "1662"]
[PlyCount "88"]
[EventDate "2024.08.10"]
[WhiteTeam "TSG Oberschöneweide e.V."]
[BlackTeam "SG Lasker Steglitz"]

1. e4 e6 2. d4 d5 3. exd5 exd5 4. Nf3 Bg4 5. Nc3 Nf6 6. Bf4 Bd6 7. Bxd6 Qxd6 8.
Qe2+ Qe7 9. Qxe7+ Kxe7 10. Ne5 Be6 11. Be2 c6 12. f3 Nbd7 13. Nxd7 Nxd7 14. Bd3
g6 15. Kd2 Rhe8 16. Rae1 Kf8 17. Re3 Re7 18. Rhe1 Rae8 19. Ne2 Nb6 20. Nf4 Bd7
21. g3 Rxe3 22. Rxe3 Rxe3 23. Kxe3 f5 24. b3 Kg7 25. a4 a5 26. c4 Kf6 27. c5
Nc8 28. Bc2 h6 29. Nd3 g5 30. b4 axb4 31. Nxb4 h5 32. a5 Ne7 33. a6 bxa6 34.
Nxa6 h4 35. Ba4 hxg3 36. hxg3 f4+ 37. gxf4 Nf5+ 38. Kd3 gxf4 39. Nb8 Be8 40.
Bxc6 Bxc6 41. Nxc6 Ke6 42. Ne5 Ne7 43. Kc3 Nf5 44. Ng6 Nh4 1-0

[Event "Lichtenberger Sommer 2024"]
[Site "Berlin"]
[Date "2024.08.13"]
[Round "4.88"]
[White "Schmitz, Christopher"]
[Black "Bashirova, Sona"]
[Result "1-0"]
[WhiteElo "1817"]
[BlackElo "1652"]
[PlyCount "87"]
[EventDate "2024.08.10"]
[WhiteTeam "TSG Oberschöneweide e.V."]
[BlackTeam "SV Empor Berlin e.V."]

1. e4 c5 2. Nc3 Nc6 3. Bb5 e6 4. Bxc6 bxc6 5. d3 d5 6. Nf3 Nf6 7. O-O Be7 8.
Qe1 O-O 9. b3 Qc7 10. Na4 Ba6 11. c4 Nd7 12. Ba3 Rae8 13. Qe3 d4 14. Qd2 f5 15.
exf5 exf5 16. Rae1 Bd6 17. Rxe8 Rxe8 18. Re1 Qd8 19. Kf1 h6 20. Nxd4 cxd4 21.
Bxd6 Nf6 22. Rxe8+ Qxe8 23. Qe2 Qxe2+ 24. Kxe2 Nd7 25. Nc5 Nxc5 26. Bxc5 Kf7
27. Bxa7 Ke6 28. Bxd4 g5 29. b4 h5 30. g3 Kf7 31. h4 g4 32. Ke3 Kg6 33. Kf4 Bb7
34. Ke5 Bc8 35. Kd6 f4 36. Be5 fxg3 37. fxg3 Bf5 38. d4 Bb1 39. Kxc6 Bxa2 40.
c5 Kf7 41. b5 Ke8 42. Kc7 Bd5 43. c6 Be6 44. b6 1-0

[Event "Lichtenberger Sommer 2024"]
[Site "Berlin"]
[Date "2024.08.13"]
[Round "4.89"]
[White "Vaz da Cruz, Vinicius"]
[Black "Müller, Leon"]
[Result "1-0"]
[WhiteElo "1768"]
[BlackElo "1550"]
[PlyCount "55"]
[EventDate "2024.08.10"]
[WhiteTeam "SSV Rotation Berlin e.V."]
[BlackTeam "SV Mattnetz Berlin e.V."]

1. e4 c5 2. Nf3 d6 3. d4 cxd4 4. Nxd4 g6 5. c4 Bd7 6. Nc3 Nf6 7. Be2 Bg7 8. Be3
Nc6 9. O-O a6 10. f3 h5 11. Qd2 Ne5 12. Rae1 Rc8 13. b3 Qa5 14. Rc1 O-O 15. Bd3
Nxd3 16. Qxd3 Kh7 17. Kh1 Ng8 18. f4 f5 19. Bd2 Bxd4 20. Qxd4 Qc5 21. Qd3 Qc6
22. e5 dxe5 23. fxe5 e6 24. Rcd1 Rfd8 25. Bg5 Qc7 26. Bxd8 Rxd8 27. Qd6 Qa5 28.
Na4 1-0

[Event "Lichtenberger Sommer 2024"]
[Site "Berlin"]
[Date "2024.08.13"]
[Round "4.90"]
[White "Dittrich, Hans-Jürgen"]
[Black "Abobreik, Salem"]
[Result "0-1"]
[WhiteElo "1573"]
[BlackElo "1725"]
[PlyCount "32"]
[EventDate "2024.08.10"]
[WhiteTeam "SC Eintracht Berlin e.V."]
[BlackTeam "Spandauer SV e.V."]

1. d4 d5 2. Nf3 Nf6 3. Bf4 Bf5 4. e3 e6 5. Bd3 Ne4 6. c3 Bd6 7. Bxd6 Qxd6 8.
Bc2 Nd7 9. Nbd2 Ndf6 10. h3 O-O-O 11. g4 Bg6 12. Ne5 Nxd2 13. Bxg6 hxg6 14.
Nxf7 Qf8 15. Nxd8 Nfe4 16. Nxe6 Qxf2# 0-1